[Event "Oberliga Ost-B 2324"]
[Site "Germany"]
[Date "2024.04.13"]
[Round "10.7"]
[White "Weiss, Matthias"]
[Black "Merkle, Egon"]
[Result "1/2-1/2"]
[WhiteElo "1996"]
[BlackElo "2136"]
[PlyCount "35"]
[EventDate "2023.10.22"]
[EventType "team-tourn"]
[EventRounds "11"]
[EventCountry "GER"]
[SourceTitle "EXT 2025"]
[Source "ChessBase"]
[SourceDate "2024.10.14"]
[SourceVersion "1"]
[SourceVersionDate "2024.10.14"]
[SourceQuality "1"]
[WhiteTeam "Schoeneck"]
[BlackTeam "Bad Homburg"]
[WhiteTeamCountry "GER"]
[BlackTeamCountry "GER"]

1. e4 c5 2. Nf3 e6 3. c3 Nf6 4. e5 Nd5 5. d4 cxd4 6. cxd4 Nc6 7. Nc3 d6 8. Bc4 Nxc3 9. bxc3 dxe5 10. dxe5 Qxd1+ 11. Kxd1 Bc5 12. Ke2 b6 13. Be3 Bxe3 14. Kxe3 Bb7 15. Rhd1 Ke7 16. Bb5 Rhd8 17. Bxc6 Bxc6 18. Nd4 1/2-1/2

[Event "Oberliga Ost-B 2324"]
[Site "Germany"]
[Date "2023.12.02"]
[Round "2.6"]
[White "Weiss, Matthias"]
[Black "Ochs, Daniel Elias"]
[Result "0-1"]
[WhiteElo "2004"]
[BlackElo "2272"]
[PlyCount "62"]
[EventDate "2023.10.22"]
[EventType "team-tourn"]
[EventRounds "11"]
[EventCountry "GER"]
[SourceTitle "EXT 2025"]
[Source "ChessBase"]
[SourceDate "2024.10.14"]
[SourceVersion "1"]
[SourceVersionDate "2024.10.14"]
[SourceQuality "1"]
[WhiteTeam "Schoeneck"]
[BlackTeam "Wiesbaden"]
[WhiteTeamCountry "GER"]
[BlackTeamCountry "GER"]

1. e4 c5 2. Nf3 e6 3. c3 d5 4. exd5 exd5 5. d4 Nf6 6. Be2 Be7 7. 0-0 0-0 8. dxc5 Bxc5 9. Nbd2 Nc6 10. Nb3 Bb6 11. Bg5 Be6 12. Nfd4 h6 13. Bh4 Ne5 14. Nxe6 fxe6 15. Nd4 Qd6 16. Bg3 Ne4 17. Bxe5 Qxe5 18. Nf3 Qd6 19. Bd3 Bc7 20. g3 Nf6 21. Nd4 Bb6 22. f4 e5 23. fxe5 Qxe5 24. Kg2 Rae8 25. Nf3 Qe6 26. Re1 Qd7 27. Ne5 Rxe5 28. Rxe5 Ng4 29. Re2 Nf2 30. Qc2 Qh3+ 31. Kg1 Nxd3+ 0-1

[Event "Heusenstamm Sparkassen op-A 6th"]
[Site "Heusenstamm"]
[Date "2019.11.23"]
[Round "5"]
[White "Weiss, Matthias"]
[Black "Rolle, Eric"]
[Result "0-1"]
[WhiteElo "2036"]
[BlackElo "2206"]
[PlyCount "52"]
[EventDate "2019.11.21"]
[EventType "swiss"]
[EventRounds "7"]
[EventCountry "GER"]
[SourceTitle "CBM 194 Extra"]
[Source "ChessBase"]
[SourceDate "2020.03.31"]
[SourceVersion "1"]
[SourceVersionDate "2020.03.31"]
[SourceQuality "1"]

1. e4 d5 2. exd5 Qxd5 3. Nc3 Qd6 4. d4 Nf6 5. Bd3 a6 6. Nge2 Nc6 7. Bf4 Qd8 8. Ne4 Bg4 9. Nxf6+ gxf6 10. c3 e5 11. dxe5 fxe5 12. Bg3 Bc5 13. Be4 Qf6 14. Qa4 Bd7 15. Qc4 Bb6 16. Rd1 0-0-0 17. Bd5 Rdg8 18. Bh4 Qh6 19. Bxf7 Rg4 20. Qd5 Rxh4 21. Qxd7+ Kb8 22. Bd5 Rf8 23. 0-0 Rxh2 24. Ng3 Qh4 25. Qg7 Rf6 26. Bxc6 Rh6 0-1

[Event "Heusenstamm Sparkassen op-A 5th"]
[Site "Heusenstamm"]
[Date "2018.11.23"]
[Round "2"]
[White "Hesse, Henrik"]
[Black "Weiss, Matthias"]
[Result "1-0"]
[WhiteElo "2272"]
[BlackElo "2032"]
[PlyCount "67"]
[EventDate "2018.11.22"]
[EventType "swiss"]
[EventRounds "7"]
[EventCountry "GER"]
[SourceTitle "CBM 188 Extra"]
[Source "ChessBase"]
[SourceDate "2019.02.28"]
[SourceVersion "1"]
[SourceVersionDate "2019.02.28"]
[SourceQuality "1"]

1. c4 e5 2. g3 Nf6 3. Bg2 d5 4. cxd5 Nxd5 5. Nc3 Nb6 6. Nf3 Nc6 7. d3 Be7 8. a3 0-0 9. 0-0 Be6 10. Be3 Nd5 11. Nxd5 Bxd5 12. Rc1 f6 13. Qa4 Qd7 14. Qb5 Rfd8 15. Kh1 a6 16. Qa4 Nd4 17. Qxd7 Rxd7 18. Bxd4 exd4 19. Bh3 Rdd8 20. Rxc7 Bd6 21. Rc2 Bxf3+ 22. exf3 Re8 23. Rfc1 Kf7 24. Bc8 Rb8 25. Rc4 Re2 26. Rxd4 Be5 27. Rd7+ Kg6 28. f4 Bxb2 29. Rcc7 f5 30. d4 Kh6 31. Rd6+ g6 32. Rdd7 Kh5 33. Rxh7+ Kg4 34. Kg2 1-0

[Event "Heusenstamm Sparkassen op-A 4th"]
[Site "Heusenstamm"]
[Date "2017.11.25"]
[Round "5"]
[White "Weiss, Matthias"]
[Black "Sever, Mustafa Batuhan"]
[Result "1/2-1/2"]
[WhiteElo "2063"]
[BlackElo "1808"]
[PlyCount "36"]
[EventDate "2017.11.23"]
[EventType "swiss"]
[EventRounds "7"]
[EventCountry "GER"]
[SourceTitle "EXT 2019"]
[Source "ChessBase"]
[SourceDate "2018.10.10"]
[SourceVersion "1"]
[SourceVersionDate "2018.10.10"]
[SourceQuality "1"]

1. e4 c5 2. Nf3 e6 3. c3 d5 4. exd5 Qxd5 5. d4 Nf6 6. Na3 Nc6 7. Be2 a6 8. Nc4 Qd8 9. dxc5 Qxd1+ 10. Bxd1 Bxc5 11. 0-0 Nd5 12. Re1 b5 13. Nce5 Nxe5 14. Nxe5 0-0 15. Bf3 Rd8 16. Nd3 Be7 17. Nf4 Bb7 18. c4 Nxf4 1/2-1/2

[Event "GER Seniors Derby 16th"]
[Site "Wesel Undeloh"]
[Date "2017.03.16"]
[Round "2"]
[White "Rubke, Manfred"]
[Black "Weiss, Matthias"]
[Result "1/2-1/2"]
[WhiteElo "2141"]
[BlackElo "2050"]
[PlyCount "22"]
[EventDate "2017.03.16"]
[EventType "swiss"]
[EventRounds "7"]
[EventCountry "GER"]
[SourceTitle "EXT 2019"]
[Source "ChessBase"]
[SourceDate "2018.10.10"]
[SourceVersion "1"]
[SourceVersionDate "2018.10.10"]
[SourceQuality "1"]

1. c4 e5 2. Nc3 Nf6 3. e4 Nc6 4. Nf3 Bc5 5. h3 0-0 6. d3 h6 7. Be2 d6 8. 0-0 a5 9. a3 Nd4 10. b3 Bd7 11. Rb1 Nh7 1/2-1/2

[Event "BL2-Sued 1617"]
[Site "Germany"]
[Date "2016.12.04"]
[Round "3.6"]
[White "Graf, Alexander"]
[Black "Weiss, Matthias"]
[Result "1-0"]
[WhiteElo "2574"]
[BlackElo "2052"]
[PlyCount "45"]
[EventDate "2016.10.16"]
[EventType "team-tourn"]
[EventRounds "9"]
[EventCountry "GER"]
[SourceTitle "EXT 2018"]
[Source "ChessBase"]
[SourceDate "2017.10.13"]
[SourceVersion "1"]
[SourceVersionDate "2017.10.13"]
[SourceQuality "1"]
[WhiteTeam "Deizisau"]
[BlackTeam "Schoeneck"]
[WhiteTeamCountry "GER"]
[BlackTeamCountry "GER"]

1. d4 Nf6 2. c4 c5 3. d5 b5 4. cxb5 a6 5. e3 axb5 6. Bxb5 Qa5+ 7. Nc3 e6 8. dxe6 fxe6 9. Nge2 Be7 10. 0-0 0-0 11. a4 Na6 12. e4 Nb4 13. Bg5 Qd8 14. Qd2 d5 15. exd5 exd5 16. Nf4 d4 17. Bxf6 Bxf6 18. Ne4 Be5 19. Nd3 Bxh2+ 20. Kxh2 Qh4+ 21. Kg1 Qxe4 22. Nxc5 Qg6 23. Qxb4 1-0

[Event "WchT Seniors 50"]
[Site "Radebeul"]
[Date "2016.06.30"]
[Round "5.4"]
[White "Koetzsch, Ulrich"]
[Black "Weiss, Matthias"]
[Result "1/2-1/2"]
[WhiteElo "2106"]
[BlackElo "2043"]
[PlyCount "50"]
[EventDate "2016.06.26"]
[EventType "team-swiss"]
[EventRounds "9"]
[EventCountry "GER"]
[SourceTitle "CBM 173 Extra"]
[Source "ChessBase"]
[SourceDate "2016.08.29"]
[SourceVersion "1"]
[SourceVersionDate "2016.08.29"]
[SourceQuality "1"]
[WhiteTeam "Eiche Reichenbrand"]
[BlackTeam "Offenbach"]
[WhiteTeamCountry "GER"]
[BlackTeamCountry "GER"]

1. d4 Nf6 2. Nf3 g6 3. Nbd2 d5 4. e3 Bg7 5. Bd3 0-0 6. 0-0 b6 7. e4 dxe4 8. Nxe4 Bb7 9. Nxf6+ Bxf6 10. c3 Nd7 11. Bf4 c5 12. dxc5 Nxc5 13. Be2 Qd5 14. Qxd5 Bxd5 15. Rfd1 Rfd8 16. Kf1 Rac8 17. Ne1 Be4 18. Rxd8+ Rxd8 19. Rd1 Rxd1 20. Bxd1 e5 21. Be3 Be7 22. f3 Bd5 23. b3 f5 24. Be2 Kf7 25. Nc2 a5 1/2-1/2